000 01037nam0a2200313 4500
001 RU\NLR\bibl\1839573
005 20260406042741.0
010 _a978-5-17-075642-1
_bАСТ
010 _a978-5-271-37618-4
_bАстрель
010 _a978-5-226-04229-4
_bВКТ
_96000
021 _aRU
_b2011-82698
_95897
035 _a(NLR Aleph) 001830040
090 _a2125542
_c2125542
100 _a20111128d2011 |||y0rusy50 ca
101 1 _arus
_ceng
102 _aRU
105 _ay |||||||||
200 1 _aВ путь за любовью
_e[роман]
_fЭйна Ли
_g[пер. с англ. М.А. Малолетовой]
210 _aМосква
_cАСТ
_cАстрель
_aВладимир
_cВКТ
_d2011
215 _a285, [1] с.
_d17
225 1 _aМини-Шарм
686 _aШ6(7США)67-440.4{Лх1979-50}
700 1 _4070
_8rus
_7ca
_aЛи
_bЭ.
_gЭйна
_3RU\NLR\auth\772921
_9112928
801 0 _aRU
_bNLR
_c20111128
_gRCR
801 1 _aRU
_bNLR
_c20111128
942 _cBOOK
980 _aNB
980 _aNBR